| 000 | 01367cam a2200325 a 4500 | ||
|---|---|---|---|
| 001 | 14989829 | ||
| 005 | 20080522091340.0 | ||
| 008 | 070831s2008 nyua b 001 0 eng | ||
| 010 | _a 2007036214 | ||
| 020 | _a9780826493644 (hardcover : alk. paper) | ||
| 020 | _a0826493645 (hardcover : alk. paper) | ||
| 020 | _a9780826493651 (pbk. : alk. paper) | ||
| 020 | _a0826493653 (pbk. : alk. paper) | ||
| 035 | _a(OCoLC)ocn154691781 | ||
| 035 |
_a(OCoLC)154691781 _z(OCoLC)154691782 |
||
| 040 |
_aDLC _cDLC _dBTCTA _dBAKER _dYDXCP _dC#P _dDLC |
||
| 050 | 0 | 0 |
_aJZ1318 _b.G67916 2008 |
| 082 | 0 | 0 |
_a303.482 _222 _bGLO |
| 245 | 0 | 0 |
_aGlobalization : _bTheory and practice / _cEdited by Eleonore Kofman and Gillian Youngs. |
| 250 | _a3rd ed. | ||
| 260 |
_aNew York : _bContinuum International Pub. Group, _cc2008. |
||
| 300 |
_axii, 296 p. : _bill. ; _c25 cm. |
||
| 504 | _aIncludes bibliographical references and index. | ||
| 650 | 0 |
_aGlobalization. _95256 |
|
| 700 | 1 |
_aKofman, Eleonore. _95257 |
|
| 700 | 1 |
_aYoungs, Gillian _d1956- _95258 |
|
| 942 |
_2ddc _cBB |
||
| 999 |
_c11631 _d11631 |
||